000 01037nam a2200301 i 4500
001 bg
003 BPK
005 20210313115313.0
008 030307s2002 pl a f |001 0 pol
015 _aPB 2003/4605
020 _a8302083100
020 _a8302085197
040 _aWA N
_cBPK
080 _a621.3
080 _a(075.3.053.7)
100 1 _aChochowski, Andrzej
_d(1952- )
_eAutor
245 1 0 _aPodstawy elektrotechniki i elektroniki dla elektryków :
_bpodręcznik.
_nCz. 1 /
_cAndrzej Chochowski.
260 _aWarszawa :
_bWydawnictwa Szkolne i Pedagogiczne,
_ccop. 2002.
300 _a167, [1] s. :
_bil. ;
_c24 cm.
504 _aIndeks.
521 8 _aPodręcznik dla zasadniczej szkoły zawodowej.
650 4 _aElektronika
655 4 _aPodręczniki dla szkół zawodowych
650 4 _aElektrotechnika
710 2 _aWydawnictwa Szkolne i Pedagogiczne.
_4pbl.
856 _uhttp://koha.tu.koszalin.pl/cgi-bin/koha/opac-detail.pl?biblionumber=51617
_yKatalog online BPK
942 _2UKD
_cKS
999 _c51617
_d51617